Govt. of
Madhya Pradesh

Tamil Nadu : A Land of Temple (Record no. 63287)

MARC details
000 -LEADER
fixed length control field 00258nam a22001097a 4500
082 ## - DEWEY DECIMAL CLASSIFICATION NUMBER
Classification number 910
100 ## - MAIN ENTRY--AUTHOR NAME
Personal name Mishra, Satyaveer
245 ## - TITLE STATEMENT
Title Tamil Nadu : A Land of Temple
260 ## - PUBLICATION, DISTRIBUTION, ETC. (IMPRINT)
Place of publication Delhi
Name of publisher Advaita Pub
Year of publication 2017
650 ## - SUBJECT ADDED ENTRY--TOPICAL TERM
Topical Term Geography
942 ## - ADDED ENTRY ELEMENTS (KOHA)
Koha item type Books
Holdings
Withdrawn status Lost status Damaged status Not for loan Home library Current library Date acquired Cost, normal purchase price Full call number Accession Number Price effective from Koha item type
        MACL MACL 18/09/2020 750.00 910 CRE037515 18/09/2020 Books